| 000 | 00387nam a22001577a 4500 | ||
|---|---|---|---|
| 003 | NUST - PNEC | ||
| 005 | 20170116181108.0 | ||
| 008 | 151003b xxu||||| |||| 00| 0 eng d | ||
| 040 | _cLIBRARY | ||
| 082 | _a627 SHA | ||
| 100 |
_912710 _aShahne |
||
| 245 |
_aHydraulic solution of problems _cShahne |
||
| 260 | _c1991 | ||
| 650 |
_912708 _bMechanical engineering _xME |
||
| 942 |
_2ddc _cBK |
||
| 999 |
_c68988 _d68988 |
||